00500 2200193 4500001002100000005001500021008004100036020002200077035001900099041000700118082001100125090001700136100001800153245003600171260003000207300003000237500001100267650002800278INLIS00000000002553320241224131942241224||||||||| | ||| |||| || |  a978-979-066-192-9 0010-1224025533 aid0 a297.06 a297.06 RID s0 aRidwan Abqary00a101 Info tentang Ilmuwan Muslim aBandungbDar! Mizanc2010 a24x19 cm, 68 hlm.; ilus.: aCet. 1 0aAgama -- ilmuwan muslim